000 01866nam a2200253Ia 4500
008 130821s1889 sp gr spa
040 _aCo-BoUCM
_bspa
041 1 _aspa
092 _aE21N028
100 1 _aGarzón, Francisco de Paula.
245 1 3 _aEl padre Juan de Mariana y las escuelas liberales
_bestudio comparativo
_cpor el P. Francisco de Paula Garzón de la compañia de Jesús.
260 _aMadrid (España)
_bBiblioteca de la ciencia cristiana
_c1889
300 _a664 páginas
500 _aDetalles físicos: Encuadernación rígida en cartón duro forrado en papel con lomo en cuero, nervadura, letras y adornos sobre el lomo. Conserva guardas, portada impresa a una sola tinta; texto impreso en una columna con algunos encabezamientos y notas al pie de página. Papel muy manchado por la humedad.
500 _aIncluye índice.
505 0 _aPrólogo. ; Biografía del P. Juan de Mariana. ; El P. Juan de Mariana y la soberanía nacional. ; El P. Juan de Mariana y la institución monárquica. ; El P. Juan de Mariana y las doctrinas sobre el tiranicidio. ; El P. Juan de Mariana y las formas políticas. ; El P. Juan de Mariana y la educación de los príncipes. ; El P. Juan de Mariana y los gobernantes teocráticos. ; El P. Juan de Mariana y el protestantismo racional. ; El P. Juan de Mariana y las filosofías contemporáneas. ; El P. Juan de Mariana y la crítica moderna. ; El P. Juan de Mariana y las libertades modernas. ; El P. Juan de Mariana y la inquisición española. ; El P. Juan de Mariana y la compañía de Jesús.
506 _aConsulta en sala.
600 1 4 _aMariana, Juan de
_xCrítica e interpretación, etc.
650 0 4 _aCristianismo y política
_912187
650 0 4 _aIglesia y educación
_917137
650 0 4 _aReligión
_923497
942 _cLIBRO
_a1
_e1
_2DEWEY
_h261.7
999 _c37747
_d37747